Direito processual penal / (Record no. 747)

MARC details
000 -LÍDER
Campo Fixo de Controle 00895nam a2200277 a 4500
001 - NÚMERO DE CONTROLE
Campo de Controle 747
003 - IDENTIFICAÇÃO DO NÚMERO DE CONTROLE
Campo de Controle BR-CuiBMT
005 - DATA E HORA DA ÚLTIMA ATUALIZAÇÃO
Campo de Controle 20231129140748.0
008 - DADOS FIXOS
Dados Fixos 231116b2010 spba 000 0 por d
020 ## - INTERNATIONAL STANDARD BOOK NUMBER
Nº do ISBN 9788502086678
040 ## - AGÊNCIA CATALOGADORA
Código da Agência Catalogadora BR-CuiBMT
Agência que transcreveu o registro BR-CuiBMT
080 ## - Nº DA CLASSIFICAÇÃO DECIMAL UNIVERSAL
Nº Class. CDU 343.1
Subd. Auxiliar Comum (079.1)
Nº edição CDU 2007
090 ## - NÚMERO DE CHAMADA
Nº classificação 343.1(079.1)
Cutter O48d
Ano/Edição 3. ed.
100 1# - ENTRADA PRINCIPAL -- AUTOR PESSOAL
Nome pessoal Oliveira, Flávio Cardoso de
245 10 - TÍTULO PRINCIPAL
Título principal Direito processual penal /
Indicação de responsabilidade Flávio Cardoso de Oliveira.
250 ## - EDIÇÃO
Edição 3. ed.
260 ## - PUBLICAÇÃO, DISTRIBUIÇÃO, ETC.
Local de publicação São Paulo :
Editora Saraiva,
Data 2010.
300 ## - DESCRIÇÃO FÍSICA
N. páginas ou volumes 280 p. :
Ilustrações il. color. ;
Dimensões 21 cm
490 1# - INDICAÇÃO DE SÉRIE
Título da série Coleção OAB nacional. Primeira fase ;
Volume/designação sequencial da série v. 5
504 ## - NOTA DE BIBLIOGRAFIA, ETC.
Nota de bibliografia Inclui bibliografia.
650 ## - ASSUNTO TÓPICO
Cabeçalho tópico ou nome geográfico Processo penal
Subdivisão geográfica Brasil
650 ## - ASSUNTO TÓPICO
Cabeçalho tópico ou nome geográfico Direito processual penal
Subdivisão geral Problemas, questões, exercícios
650 ## - ASSUNTO TÓPICO
Cabeçalho tópico ou nome geográfico Processo penal
Subdivisão geral Habilitação profissional
830 #0 - ENTRADA SECUNDÁRIA DE SÉRIE -- TÍTULO UNIFORME
Título uniforme OAB nacional. Primeira fase
Nº do volume/designação sequencial da série 5
942 ## - ELEMENTOS DE ENTRADA ADICIONAIS (KOHA)
Fonte de classificação ou esquema de arquivamento Classificação Decimal Universal
Tipo de item do Koha Livros
Holdings
Estado: removido Estado: perdido Fonte de classificação ou esquema de arquivamento Estado: danificado Indisponível para empréstimo Localização permanente Localização atual Data de aquisição Total Checkouts Número de Chamada completo Código de barras Date last seen Número do exemplar Preço efetivo a partir de Tipo de item (Koha)
    Classificação Decimal Universal     Biblioteca da Escola Superior de Contas do TCE/MT Biblioteca da Escola Superior de Contas do TCE/MT 16/11/2023   343.1(079.1) O48d 3. ed. BIBTCEMT23110634 16/11/2023 Ex. 1 16/11/2023 Livros

Powered by Koha